Culture Générale - Série 1201 - Statistiques

Statistiques générales
  • Ce quiz a été pris 128 fois
  • Le résultat moyen est 7 sur 10
Statistiques - réponses
Question Réponse % Correct
Dans quel sport olympique frappe-t-on un volant avec une raquette ? badminton
95%
Chez la femme, comment appelle-t-on l'arrêt naturel, vers 50 ans, de l'ovulation et des règles ? ménopause
95%
En France, combien de kilos un quintal vaut-il ? 100
88%
Comment s'est appelé Istanbul du IVe au XVe siècle ? Constantinople
88%
Quel est le prénom de Lloris, le gardien de but de l'équipe de France de football ? Hugo
87%
Quelle est, en degrés, la somme des angles d'un triangle ? 180
85%
A quelle classe d'animal le lump appartient-il ? poissons
64%
En 1870, à la suite de quelle bataille la république est-elle proclamée à Paris ? Sedan
37%
Quelle mer est comprise entre le détroit des Dardanelles et le détroit du Bosphore ? Mer de Marmara
26%
Quel instrument de musique est composé d'une languette flexible, fixée dans un cadre, que l'index fait vibrer et dont le son est amplifié par la bouche ? guimbarde
18%
Aucun quiz correspondant
Distribution des résultats
% des personnes avec chaque résultat
Percentile par nombre de réponses
Votre historique - résultats
Vous n’avez pas pris ce quiz